000 00593nam a2200181 a 4500
001 000944771
003 AM-YeHGA
005 20250618074148.0
008 130206s1908 gr r 000 0 rus d
040 _aAM-YeHGA
041 0 _arus
100 1 _aՔալանթար, Ալեքսանդր Հայրապետի,
_d1855-1913
_91611
245 1 0 _aПередвижная маслодельня в Закавказье /
_cАлександр Калантар.
260 _aТбилиси :
_bБ. и.,
_c1908.
300 _a33 с.
653 0 _aЗакавказье - История
090 _c321073
999 _c319338
_d319338